| 000 | 00817nam0a22002651 4500 | ||
|---|---|---|---|
| 001 | rc\318356 | ||
| 005 | 20250621033852.0 | ||
| 010 |
_a5-277-00558-7 _910000 |
||
| 035 | _a(NLR Aleph) 005553097 | ||
| 090 |
_a5831562 _c5831562 |
||
| 100 | _a20030307d1990 |||y0rusy50 ca | ||
| 101 | 0 | _arus | |
| 102 | _aRU | ||
| 105 | _aa ||||||||| | ||
| 200 | 1 | _aПроблемы развития транспорта СССР | |
| 210 |
_aМ. _cТранспорт _d1990 |
||
| 215 |
_a303, [1] с. _cил. _d21 |
||
| 320 | _aБиблиогр.: с. 300-302 (69 назв.) | ||
| 700 | 1 |
_aЗотов _bД.К. _gДмитрий Кириллович |
|
| 701 | 1 |
_aУшаков _bС.С. _gСерафим Сергеевич |
|
| 801 | 0 |
_aRU _bNLR _gpsbo |
|
| 801 | 1 |
_aRU _bELAR _2rusmarc |
|
| 852 |
_aNLR _j90-5/3272 |
||
| 942 | _cBOOK | ||
| 980 | _aNB | ||